Vplyv parametrov obrábania na deformáciu tenkostenných súčiastok

Salvato in:
Dettagli Bibliografici
Autore principale: Krajčík, Lukáš (Autore)
Altri autori: Šimna, Vladimír (Relatore della tesi)
Natura: Manoscritto Libro
Lingua:slovacco
Pubblicazione: 2017
Soggetti:
Accesso online:http://is.stuba.sk/zp/portal_zp.pl?podrobnosti=126144
Tags: Aggiungi Tag
Nessun Tag, puoi essere il primo ad aggiungerne!!

MARC

LEADER 00000ntm a22000003a 4500
001 stuzp62642
003 SK-STU
005 20170610210625.0
007 ta
008 150427s2015----xo-----f-mn---000-0-slo-d
040 |a STU  |b slo 
041 0 |a slo 
100 1 |a Krajčík, Lukáš  |u 063000  |k Z4  |4 aut  |U MTF Materiálovotechnologická fakulta  |T MTF Ústav výrobných technológií  |X 8634  |U M3000  |Y 83  |7 8634 
242 0 1 |a Effect of Machining Parameters on Deformation of Thin-Walled Component  |y eng 
245 1 0 |a Vplyv parametrov obrábania na deformáciu tenkostenných súčiastok 
260 |c 2017 
650 4 |a stratégia frézovania  |2 slo 
650 4 |a tenkostenná súčiastka  |2 slo 
650 4 |a frézovanie  |2 slo 
650 4 |a vysokorýchlostné obrábanie  |2 slo 
650 4 |a deformácia  |2 slo 
650 4 |a deformation  |2 eng 
650 4 |a milling  |2 eng 
650 4 |a strategy of milling  |2 eng 
650 4 |a thin-walled component  |2 eng 
650 4 |a high speed machining  |2 eng 
700 1 |a Šimna, Vladimír  |u 063600  |k Z1  |4 ths  |U MTF Ústav výrobných technológií  |T MTF Katedra obrábania a tvárnenia  |X 30333  |U M3600  |Y 841  |7 A000030333 
856 4 |u http://is.stuba.sk/zp/portal_zp.pl?podrobnosti=126144 
996 |c M* DP-13093  |l MMSKP  |s P  |a 0  |w stuzp62642_0001